[Event "Espe Cup"]
[Site "ECU"]
[Date "1999.??.??"]
[Round "?"]
[White "Minaya, Juan M"]
[Black "Garcia, Javier"]
[Result "1/2-1/2"]
[WhiteElo "2295"]
[BlackElo "2350"]

1.Nf3 Nf6 2.c4 g6 3.Nc3 Bg7 4.e4 d6 5.d4 O-O 6.Be2 e5 7.d5 Na6 8.Nd2 c5 9.g4 Ne8
10.h4 f5 11.gxf5 gxf5 12.exf5 Bxf5 13.Nde4 Nf6 14.Ng3 Qd7 15.Be3 Nb4 16.Kd2 e4
17.Rg1 Kh8 18.Nxf5 Qxf5 19.Rg5 Qd7 20.Qh1 Rae8 21.Rag1 Bh6 22.R5g3 Bxe3+
23.fxe3 a6 24.h5 Nd3 25.h6 Ne5 26.Rg7 Rf7 27.Qh4 Qe7 28.Rf1 Rxg7 29.hxg7+ Kxg7
30.Qg5+ Ng6 31.Rh1 Kg8 32.Rg1 Qe5 33.Qh6 Qe7 34.Bg4 Nxg4 35.Rxg4 Qf7 36.Nxe4 Rxe4
37.Rxe4 Qf2+ 38.Kd3 Qf1+ 39.Kd2 Qf2+ 40.Kd3 Qf1+ 41.Kd2 Qg2+ 42.Kd3  1/2-1/2

[Event "Espe Cup"]
[Site "ECU"]
[Date "1999.??.??"]
[Round "?"]
[White "Belli, Mario"]
[Black "Garcia, Javier"]
[Result "1/2-1/2"]
[WhiteElo "2390"]
[BlackElo "2320"]

1.c4 Nf6 2.Nc3 g6 3.e4 d6 4.d4 Bg7 5.Nf3 O-O 6.Be2 e5 7.O-O exd4 8.Nxd4 c6
9.Re1 Re8 10.Bf1 Nbd7  1/2-1/2

[Event "Eger Agria op"]
[Site "Eger"]
[Date "1999.??.??"]
[Round "?"]
[White "Srebrnic, Vojko"]
[Black "Meszaros, Andras"]
[Result "0-1"]
[WhiteElo "2260"]
[BlackElo "2320"]

1.Nf3 Nf6 2.c4 g6 3.Nc3 Bg7 4.e4 d6 5.d4 O-O 6.Be2 e5 7.dxe5 dxe5 8.Qxd8 Rxd8
9.Bg5 c6 10.Nxe5 Re8 11.O-O-O Na6 12.Nf3 Nc5 13.Nd2 Ng4 14.Bxg4 Bxg4 15.f3 Be6
16.Kc2 b5 17.Be3 Na6 18.cxb5 cxb5 19.Kb1 Rec8 20.Nd5 Bxd5 21.exd5 Nb4 22.Ne4 Rc2
23.Bd4 Rxg2 24.Bxg7 Kxg7 25.d6 f5 26.Nc5 Re8 27.Rhe1 Rd2 28.d7 Ree2 29.a3 Rxb2+
30.Ka1 Ra2+ 31.Kb1 Reb2+ 32.Kc1 Rxh2 33.Kb1 Nc6 34.Re6 Nd8 35.Re8 Nf7 36.Re7 Rhb2+
37.Kc1 Ra1+ 38.Kxb2 Rxd1 39.Kc2 Rd5 40.d8=Q Rxd8 41.Ne6+ Kf6 42.Rxf7+ Kxe6
43.Rxh7 Rd7  0-1

[Event "Eger Agria op"]
[Site "Eger"]
[Date "1999.??.??"]
[Round "?"]
[White "Kerek, Csaba"]
[Black "Pesztericz, Laszlo"]
[Result "1/2-1/2"]
[WhiteElo "2385"]
[BlackElo "2215"]

1.d4 Nf6 2.c4 g6 3.Nc3 Bg7 4.e4 d6 5.Nf3 O-O 6.Be2 e5 7.d5 a5 8.Bg5 h6 9.Bh4 Na6
10.Nd2 Qe8 11.a3 Bd7 12.b3 Nh7 13.Rb1 f5 14.f3 Nc5 15.Qc2 Nf6 16.b4 axb4
17.axb4 Na4 18.Nb5 Bxb5 19.cxb5 g5 20.Bf2 g4 21.O-O gxf3 22.gxf3 Nh5 23.Rfc1 Nf4
24.Bf1 fxe4 25.Nxe4 Qh5 26.Rb3 Rf7 27.Ra1 Nb6 28.Rxa8+ Nxa8 29.Ra3 Qg6+ 30.Kh1 Nb6
31.Bxb6 cxb6 32.Qf2 Bf8 33.Ra8 Rc7 34.Qg3 Rc1 35.Qxg6+ Nxg6 36.Kg1 Nh4 37.Kf2 Nxf3
38.Nf6+ Kf7 39.Nd7 Be7 40.Nxb6 Nd4 41.Nc8 Rc2+ 42.Ke3 Bg5+ 43.Ke4 Rf2 44.Nxd6+ Ke7
45.Nc8+ Kf6 46.Nb6 Rf4+ 47.Kd3 Nxb5 48.Rf8+ Ke7 49.Rxf4 Bxf4 50.h4 Nd6 51.Bh3  1/2-1/2

[Event "Eger Agria op"]
[Site "Eger"]
[Date "1999.??.??"]
[Round "?"]
[White "Ferencz, Istvan"]
[Black "Pesztericz, Laszlo"]
[Result "1/2-1/2"]
[WhiteElo "2090"]
[BlackElo "2215"]

1.d4 Nf6 2.Nf3 g6 3.c4 Bg7 4.Nc3 d6 5.e4 O-O 6.Be2 Nbd7 7.O-O e5 8.d5 Nc5
9.Qc2 a5 10.b3 Nh5 11.Ne1 Nf4 12.f3 f5 13.Rb1 Nxe2+ 14.Qxe2 f4 15.Nd3 Nxd3
16.Qxd3 g5 17.h3 h5 18.Kf2 Rf7 19.Ke2 Bf8 20.Rh1 Bd7 21.a4 Rg7 22.Bd2 c5
23.Rbg1 b6 24.Be1 g4 25.hxg4 hxg4 26.Bf2 g3 27.Be1 Qg5 28.Bd2 Ra7 29.Qb1 Bc8
30.Kd3 Rh7 31.Rxh7 Rxh7 32.Ne2  1/2-1/2

[Event "Eger Agria op"]
[Site "Eger"]
[Date "1999.??.??"]
[Round "?"]
[White "Pap, Janos"]
[Black "Kerek, Csaba"]
[Result "0-1"]
[WhiteElo "2145"]
[BlackElo "2385"]

1.d4 Nf6 2.c4 g6 3.Nc3 Bg7 4.e4 d6 5.Be2 O-O 6.Nf3 e5 7.d5 a5 8.Bg5 h6 9.Bh4 Na6
10.Nd2 Qe8 11.a3 Bd7 12.b3 Nh7 13.O-O h5 14.f3 Bh6 15.Kh1 Be3 16.Bf2 Bxf2
17.Rxf2 f5 18.exf5 gxf5 19.Qc2 Qg6 20.Nb5 Nf6 21.Rb1 Rf7 22.b4 axb4 23.axb4 h4
24.Bf1 Kh8 25.Nc3 Nh5 26.c5 Ng3+ 27.Kg1 Nxf1 28.Kxf1 dxc5 29.bxc5 Nxc5 30.Nb5 Bxb5+
31.Rxb5 Ra1+ 32.Ke2 Qa6 33.Qxc5 Ra5 34.d6 Qxb5+ 35.Qxb5 Rxb5 36.Nc4 Rc5 37.Kd3 cxd6  0-1

[Event "Eger Agria op"]
[Site "Eger"]
[Date "1999.??.??"]
[Round "?"]
[White "Srebrnic, Ana"]
[Black "Kerek, Csaba"]
[Result "0-1"]
[WhiteElo "2160"]
[BlackElo "2385"]

1.Nf3 Nf6 2.c4 g6 3.Nc3 Bg7 4.e4 d6 5.d4 O-O 6.Be2 e5 7.dxe5 dxe5 8.Qxd8 Rxd8
9.Bg5 Re8 10.O-O-O Na6 11.Nd2 c6 12.f3 Nc5 13.Be3 Ne6 14.b4 a5 15.a3 axb4
16.axb4 Nd4 17.Kb2 Bf8 18.c5 b6 19.cxb6 Bxb4 20.Bc4 Ba3+ 21.Kb1 Bc5 22.Bg5 Nd7
23.Nb3 Bxb6 24.h4 Nxb3 25.Bxb3 Nc5 26.Bc4 Be6 27.Bxe6 Nxe6 28.Bf6 Bd4 29.Ne2 Reb8+  0-1

[Event "Cataluna Club op"]
[Site "ESP"]
[Date "1999.??.??"]
[Round "?"]
[White "Pascual Rodriguez, Alberto"]
[Black "Carrasco Cortada, Juan"]
[Result "1/2-1/2"]
[WhiteElo "1900"]
[BlackElo "2060"]

1.d4 Nf6 2.c4 g6 3.Nc3 Bg7 4.e4 d6 5.Nf3 O-O 6.Be2 e5 7.Bg5 Nbd7 8.Qd2 Re8
9.O-O-O c6 10.h3 Qa5 11.dxe5 dxe5 12.Qe3 Nc5 13.Nd2 Be6 14.Kb1 Nfd7 15.Bg4 f5
16.exf5 gxf5 17.Bh5 f4 18.Qe2 Bf5+ 19.Nde4 Re6 20.Bg4 Nxe4 21.Nxe4 Bxe4+
22.Qxe4 Nf6  1/2-1/2

[Event "Cataluna Club op"]
[Site "ESP"]
[Date "1999.??.??"]
[Round "?"]
[White "Lopez Roca, Xavier"]
[Black "Asensio Linan, Teodoro"]
[Result "0-1"]
[WhiteElo "2020"]
[BlackElo "2245"]

1.d4 Nf6 2.c4 g6 3.Nc3 Bg7 4.e4 O-O 5.Nf3 d6 6.Be2 Na6 7.O-O e5 8.d5 Nc5
9.Nd2 a5 10.a3 Bh6 11.f3 Nh5 12.g3 Bh3 13.Re1 Be3+ 14.Kh1 Bf2 15.Rb1 f5 16.Bf1 Bxf1
17.Rxf1 Bxg3 18.hxg3 Nxg3+ 19.Kg2 Qg5 20.Nb3 f4 21.Kf2 Qh4 22.Nxc5 Nxe4+
23.Ke2 Qh2+ 24.Ke1 Qg3+ 25.Ke2 Qg2+ 26.Ke1 Ng3 27.Qd3 dxc5 28.Ne4 Nxf1 29.Qxf1 Qc2
30.Ra1 b5 31.Bd2 b4 32.axb4 axb4 33.Rxa8 Qb1+ 34.Kf2 Qxf1+ 35.Kxf1 Rxa8 36.Nxc5 Ra1+
37.Kf2 h5 38.Bxb4 Rc1 39.Bc3 Rc2+ 40.Kg1 g5 41.Ne6 g4 42.Bxe5 Rc1+ 43.Kg2 Rc2+
44.Kf1 Rc1+ 45.Ke2 Rxc4 46.Bxf4 Rc2+ 47.Kd3 gxf3 48.Kxc2 f2 49.Bxc7 f1=Q
50.Kc3 h4 51.Kb4 h3 52.d6 Qe1+  0-1

[Event "Cataluna-chT"]
[Site "ESP"]
[Date "1999.??.??"]
[Round "2"]
[White "Gonzalez Lopez, A."]
[Black "Lillo Ferrer, JM."]
[Result "1/2-1/2"]
[WhiteElo "2320"]
[BlackElo "2260"]

1.d4 Nf6 2.Nf3 g6 3.c4 Bg7 4.Nc3 O-O 5.e4 d6 6.Be2 e5 7.O-O exd4 8.Nxd4 Re8
9.f3 Nc6 10.Be3 Nh5 11.f4 Nf6 12.Bf3 Bg4 13.Nxc6 Bxf3 14.Qxf3 bxc6 15.Rae1 Qc8
16.Bd2  1/2-1/2

[Event "Tres Peons op"]
[Site "ESP"]
[Date "1999.??.??"]
[Round "3"]
[White "Marques Taltavull, Antonio"]
[Black "Vidarte Morales, Arturo"]
[Result "0-1"]
[WhiteElo "2180"]
[BlackElo "2425"]

1.e4 d6 2.d4 g6 3.Nf3 Bg7 4.c4 Nf6 5.Nc3 O-O 6.Be2 Na6 7.O-O e5 8.h3 exd4
9.Nxd4 Nc5 10.Bf3 Re8 11.Re1 c6 12.Bf4 Qe7 13.Nb3 Rd8 14.Nxc5 dxc5 15.Qe2 Nd7
16.e5 Re8 17.e6 Qxe6 18.Qxe6 fxe6 19.Bd6 Bd4 20.Rad1 e5 21.Ne4 Kg7 22.Bg4 Nf6
23.Nxc5 Bxg4 24.hxg4 Nxg4 25.Ne4 b6 26.b4 Rad8 27.c5 b5 28.Re2 Ra8 29.Ng5 a5
30.bxa5 Bc3 31.Bc7 Nf6 32.Ne4 Nxe4 33.Rd7+ Kf6 34.Rxe4 Re7 35.Rxe7 Kxe7 36.Bxe5 Bxe5
37.Rxe5+ Kd7 38.Re2 Rxa5 39.Rd2+ Kc7 40.Re2 b4 41.Rc2 Kb7 42.f4 Ka6 43.Kf2 h5
44.Ke3 Ra3+ 45.Kd4 Kb5 46.Rf2 Rc3 47.Ke5 Kxc5 48.f5 gxf5 49.Kxf5 Rg3 50.Ke5 h4
51.Ke4 Kb5 52.Rc2 c5 53.Kf4 c4 54.Ke4 Rg7 55.Rf2 Rd7 56.Rc2 c3 57.a3 Rd2
58.Rc1 Rxg2 59.axb4 Kxb4 60.Kd3 Rd2+ 61.Ke3 Rd8 62.Rh1 c2 63.Rxh4+ Kc3  0-1

[Event "Cataluna-chT"]
[Site "ESP"]
[Date "1999.??.??"]
[Round "8"]
[White "Gual Pascual, Antonio"]
[Black "Mowsziszian, Karen"]
[Result "1-0"]
[WhiteElo "2465"]
[BlackElo "2500"]

1.d4 d6 2.c4 Nf6 3.Nc3 Nbd7 4.Nf3 g6 5.e4 e5 6.Be2 Bg7 7.O-O O-O 8.Re1 c6
9.Bf1 h6 10.d5 Ne8 11.Rb1 a5 12.a3 cxd5 13.cxd5 f5 14.Nd2 f4 15.b4 axb4 16.Rxb4 Rf7
17.Nc4 Bf8 18.a4 g5 19.a5 Rg7 20.Na4 g4 21.Qc2 h5 22.Rb3 h4 23.Rc3 Rb8 24.Ncb6 Nxb6
25.Nxb6 Bd7 26.Bd2 g3 27.fxg3 hxg3 28.Nxd7 gxh2+ 29.Kxh2 Qxd7 30.Be2 Be7
31.Rc1 Bh4 32.Be1 Bxe1 33.Rxe1 Qd8 34.Ra1 Qg5 35.Bf3 Rh7+ 36.Kg1  1-0

[Event "Cataluna-chT"]
[Site "ESP"]
[Date "1999.??.??"]
[Round "8"]
[White "Montpart Pons, J."]
[Black "Font Santamaria, A."]
[Result "1-0"]
[WhiteElo "2180"]
[BlackElo "2105"]

1.d4 Nf6 2.Nf3 g6 3.c4 Bg7 4.Nc3 O-O 5.e4 d6 6.Be2 e5 7.Be3 h6 8.h3 Qe7 9.d5 Nbd7
10.g4 Nc5 11.Nd2 a5 12.g5 hxg5 13.Bxg5 Qe8 14.h4 Nh7 15.Be3 f5 16.h5 g5 17.h6 Bf6
18.Bxc5 dxc5 19.Bh5 Qe7 20.Qe2 a4 21.O-O-O a3 22.b3 Bd7 23.exf5 Bxf5 24.Nde4 g4
25.Bxg4 Bg5+ 26.Kc2 Bg6 27.f3 Nf6 28.Be6+ Kh7 29.Rdg1 Nxe4 30.Nxe4 Qf6 31.Kd1 Bxe4
32.Qxe4+ Kh8 33.Rh5 Rg8 34.Bxg8 Rxg8 35.h7  1-0

[Event "Espoo op"]
[Site "Espoo"]
[Date "1999.??.??"]
[Round "5"]
[White "Veingold, Aleksandr"]
[Black "Agopov, Mikael"]
[Result "1-0"]
[WhiteElo "2477"]
[BlackElo "2398"]

1.d4 Nf6 2.Nf3 g6 3.c4 Bg7 4.Nc3 O-O 5.e4 d6 6.Be2 e5 7.O-O exd4 8.Nxd4 Re8
9.f3 Nc6 10.Be3 Nh5 11.Qd2 Nf4 12.Rfd1 Nxd4 13.Bxd4 Nxe2+ 14.Qxe2 f5 15.Bxg7 Kxg7
16.Qf2 fxe4 17.Qd4+ Kf7 18.fxe4 Be6 19.Rf1+ Kg8 20.Nd5 Bxd5 21.Qxd5+ Kh8
22.Rf7 Rb8 23.Raf1 Re5 24.Qd2 Qh4 25.R1f4 Qg5 26.h4 Qh6 27.Qf2 Rg8 28.Rxc7 g5
29.Rff7 Rge8 30.Rf6  1-0

[Event "Euskadi-ch13"]
[Site "Euskadi"]
[Date "1999.??.??"]
[Round "6"]
[White "Sierra, C."]
[Black "Vilchez, A."]
[Result "1-0"]
[WhiteElo "2035"]
[BlackElo "1950"]

1.d4 Nf6 2.Nf3 g6 3.c4 Bg7 4.Nc3 d6 5.e4 O-O 6.Be2 e5 7.d5 a5 8.O-O Na6 9.a3 Nc5
10.Qc2 Nh5 11.Bg5 f6 12.Be3 f5 13.b4 Nxe4 14.Nxe4 fxe4 15.Nd2 Nf4 16.Nxe4 Bf5
17.Bf3 Qh4 18.g3 Nh3+ 19.Kg2 Nf4+ 20.Kh1 Bg4 21.Bxg4 Qxg4 22.f3 Qh5 23.Rad1 Nh3
24.Kg2 axb4 25.axb4 Ra3 26.Rd3 Rxd3 27.Qxd3 Bh6 28.c5 Ra8  1-0

[Event "FRA-ch U20"]
[Site "FRA"]
[Date "1999.??.??"]
[Round "?"]
[White "Ottmani, Kamel"]
[Black "Fantin, Ludwig"]
[Result "1/2-1/2"]
[WhiteElo "2089"]
[BlackElo "2138"]

1.d4 Nf6 2.c4 d6 3.Nc3 Nbd7 4.e4 e5 5.Nf3 g6 6.Be2 Bg7 7.O-O O-O 8.d5 Nc5
9.Qc2 a5 10.Bg5 h6 11.Bh4 g5 12.Bg3 Nh5 13.Ne1 Nf4 14.Nd3 Ncxd3 15.Bxd3 f5
16.exf5 Nxd3 17.Qxd3 Bxf5 18.Ne4 Bg6 19.Qe3 Qe7 20.f3 Qf7 21.b3 Bf6 22.a3 Bd8
23.b4 axb4 24.axb4 Rxa1 25.Rxa1 b5 26.Qd3 bxc4 27.Qxc4 Qh7 28.Ra7 Bxe4 29.fxe4 h5
30.Bf2 Qf7 31.Be3 Qd7 32.Qe2 Qh7 33.Qc4 Qf7 34.b5 Qg6 35.Ra8 g4 36.g3 h4
37.gxh4 Qf6 38.Qe2 Qxh4 39.Bf2 Qg5 40.Be3 Qg6 41.Bf2 Kg7 42.Bg3 Qg5 43.Kg2 Kh6
44.Ra1 Rf3 45.Rf1 Re3 46.Qf2 Rf3 47.Qe2 Re3 48.Qf2  1/2-1/2

[Event "Oberliga Ost A9899"]
[Site "GER"]
[Date "1999.??.??"]
[Round "?"]
[White "Krug, Norbert"]
[Black "Hoffmann, Hendrik"]
[Result "1/2-1/2"]
[WhiteElo "2240"]
[BlackElo "2315"]

1.d4 Nf6 2.c4 g6 3.Nc3 Bg7 4.e4 d6 5.Nf3 O-O 6.Be2 e5 7.O-O exd4 8.Nxd4 Re8
9.f3 Nc6 10.Nc2 Nh5 11.Nd5 Ne7 12.g4 Nf6 13.Nxf6+ Bxf6 14.Kh1 Nc6 15.Rb1 a5
16.Ne3 Nd4 17.Nd5 Bg7 18.Be3 Nxe2 19.Qxe2 Be6 20.Qd2 Bxd5 21.cxd5 c5 22.dxc6 bxc6
23.Bd4 Bxd4 24.Qxd4 d5 25.exd5 cxd5 26.Rfe1 Qh4 27.Qd2  1/2-1/2

[Event "Oberliga Ost A9899"]
[Site "GER"]
[Date "1999.??.??"]
[Round "?"]
[White "Krug, Norbert"]
[Black "Eichner, Sebastian"]
[Result "1-0"]
[WhiteElo "2240"]
[BlackElo "2140"]

1.d4 Nf6 2.c4 g6 3.Nc3 Bg7 4.e4 d6 5.Nf3 O-O 6.Be2 e5 7.O-O exd4 8.Nxd4 Nc6
9.Nc2 Re8 10.f3 Nh5 11.Nd5 Ne7 12.Bg5 f6 13.Be3 f5 14.Bg5 Bf8 15.g4 fxg4
16.fxg4 c6 17.Rxf8+ Kxf8 18.Nxe7 Qa5 19.c5 Qxc5+ 20.Be3 Qe5 21.Nxc8 Nf6 22.Bh6+ Kg8
23.Nxd6 Rad8 24.Bc4+ Re6 25.Qd4  1-0

[Event "Oberliga Nord N9899"]
[Site "GER"]
[Date "1999.??.??"]
[Round "?"]
[White "Lamprecht, Frank"]
[Black "Kunsztowicz, Uwe"]
[Result "1-0"]
[WhiteElo "2395"]
[BlackElo "2300"]

1.d4 g6 2.c4 Bg7 3.e4 d6 4.Nc3 Nf6 5.Nf3 O-O 6.Be2 c6 7.O-O e5 8.Be3 exd4
9.Nxd4 Re8 10.f3 d5 11.cxd5 cxd5 12.Nc2 dxe4 13.Qxd8 Rxd8 14.fxe4 Nc6 15.Bg5 Bg4
16.Bxg4 Nxg4 17.Bxd8 Rxd8 18.Rad1 Rc8 19.h3 Nge5 20.Ne3 Bh6 21.Ned5 Nc4 22.Kh1 Kg7
23.Rf2 b6 24.Nb5 Rf8 25.Rc2 N4e5 26.Nd4 Nxd4 27.Rxd4 Rd8 28.Rc7 a6 29.Rd1 b5
30.b3 Rd6 31.Ra7 Bg5 32.g3 h5 33.h4 Bd8 34.Kg2 Ba5 35.Rc1 Re6 36.Re7 Rxe7
37.Nxe7 Nd3 38.Rc8 Bb4 39.Nd5 Bf8 40.Ra8 Nc5 41.Kf3  1-0

[Event "NRW-Liga 9899 playoff"]
[Site "GER"]
[Date "1999.??.??"]
[Round "?"]
[White "Eng, Holger"]
[Black "Heller, Harald"]
[Result "1-0"]
[WhiteElo "2335"]
[BlackElo "1965"]

1.Nf3 d6 2.d4 Nf6 3.c4 g6 4.Nc3 Bg7 5.e4 O-O 6.Be2 e5 7.Be3 Ng4 8.Bg5 f6
9.Bh4 c6 10.h3 Nh6 11.O-O Na6 12.a3 Nf7 13.d5 c5 14.Ne1 Qe8 15.Nd3 f5 16.exf5 gxf5
17.f4 Nc7 18.Bh5 e4 19.Nc1 b5 20.cxb5 Nxb5 21.Nxb5 Qxb5 22.Rb1 Ba6 23.Be2 Qb7
24.Bxa6 Qxa6 25.Qe2 Qxe2 26.Nxe2 Rab8 27.b4 cxb4 28.Rxb4 Rxb4 29.axb4 Rb8
30.Rc1 h6 31.Ng3 Bd4+ 32.Kh2 Be3 33.Rf1 Rxb4 34.Nxf5 Bd2 35.Bf2 a5 36.Be3 Bxe3
37.Nxe3 Rb3 38.Nf5 a4 39.Re1 Rb4 40.Re3 Kf8 41.g4 Rb2+ 42.Kg3 Rb3 43.Kf2 Rb2+
44.Ke1 Rh2 45.Ra3 Kg8 46.Rxa4 Rxh3 47.Rxe4 Rh2 48.Re8+ Kh7 49.Rf8 Kg6 50.Rg8+ Kf6
51.Re8 Kg6 52.Re6+ Kh7 53.Rf6 Kg8 54.Nxd6 Nxd6 55.Rxd6 Kf7 56.f5 Rh4 57.Rg6 h5
58.Kf2 hxg4 59.Kg3 Rh1 60.Kxg4 Rd1 61.d6 Rf1 62.Re6 Rf2 63.Kg5 Rf1 64.Re7+ Kf8
65.Kf6 Rf2 66.Re5 Rd2 67.Ke6 Ke8 68.f6 Kf8 69.d7  1-0

[Event "Oberliga Ost B9899"]
[Site "GER"]
[Date "1999.??.??"]
[Round "?"]
[White "Derichs, Roger"]
[Black "Staller, Peter"]
[Result "1/2-1/2"]
[WhiteElo "2275"]
[BlackElo "2300"]

1.d4 g6 2.c4 Bg7 3.Nc3 d6 4.e4 e5 5.Nf3 Nd7 6.Be2 Ngf6 7.O-O O-O 8.Re1 c6
9.Bf1 Qb6 10.dxe5 dxe5 11.Na4 Qc7 12.c5 b5 13.cxb6 axb6 14.Qc2 Ba6 15.Be3 Bxf1
16.Rxf1 Ng4 17.Bd2 b5 18.Nc5 Nxc5 19.Qxc5 Nf6 20.Qc2 Nd7 21.Be3 Rfc8 22.Rfd1 Bf8
23.a4 bxa4 24.Rxa4 Rxa4 25.Qxa4 Nf6 26.h3 Rb8 27.Qc2 Rc8 28.Ra1 c5 29.Ra6 Be7
30.Qa4 c4 31.Ra7 Qd6 32.Ra8 Rxa8 33.Qxa8+ Kg7 34.Nd2 Qd3 35.Qc6 Qc2 36.Qxc4  1/2-1/2

[Event "Hessenliga 9899"]
[Site "GER"]
[Date "1999.??.??"]
[Round "?"]
[White "Komljenovic, Luka"]
[Black "Degenhardt, Horst"]
[Result "1-0"]
[WhiteElo "2215"]
[BlackElo "2350"]

1.d4 Nf6 2.Nf3 g6 3.c4 Bg7 4.Nc3 O-O 5.e4 d6 6.Be2 Nbd7 7.O-O e5 8.Qc2 Nh5
9.Rd1 Nf4 10.Bf1 c5 11.dxe5 dxe5 12.Nd5 Ne6 13.b4 cxb4 14.Nxb4 Re8 15.Be3 Qc7
16.Nd5 Qc6 17.Rab1 Ndc5 18.g3 b6 19.h4 h5 20.Kh2 Bd7 21.Bg2 Rac8 22.Ng5 Qb7
23.Qd2 Qa6 24.Nxe6 Bxe6 25.Bg5 Bxd5 26.cxd5 f6 27.Be3 Red8 28.Bh3 Nxe4 29.Bxc8 Qxc8
30.Qd3 f5 31.Rbc1 Qd7 32.d6 Kf8 33.Rc7 Qxd6 34.Qc4 Qxc7 35.Qxc7 Rxd1 36.Qxa7 Kg8
37.Bxb6 Rd2 38.Kg2 Kh7 39.Be3 Re2 40.a4 Ra2 41.a5 f4 42.gxf4  1-0

[Event "Hessenliga 9899"]
[Site "GER"]
[Date "1999.??.??"]
[Round "?"]
[White "Paszek, Adam"]
[Black "Petkevich, Jusefs"]
[Result "0-1"]
[WhiteElo "2285"]
[BlackElo "2460"]

1.d4 Nf6 2.c4 g6 3.Nc3 Bg7 4.e4 d6 5.Be2 O-O 6.Nf3 Na6 7.O-O e5 8.Bg5 h6
9.Bh4 g5 10.Bg3 Nh5 11.dxe5 Nxg3 12.hxg3 dxe5 13.Qc1 c6 14.Rd1 Qe7 15.a3 Nc5
16.Qc2 Ne6 17.g4 Nd4 18.Nxd4 exd4 19.Na2 Re8 20.f3 h5 21.gxh5 g4 22.fxg4 Bh6
23.g3 Be3+ 24.Kg2 Qg5 25.Rh1 Bxg4 26.Bxg4 Qxg4 27.Rh4 Qe6 28.Qe2 Bg5 29.Qg4 f6
30.Qxe6+ Rxe6 31.Rg4 d3 32.Nc3 Rd8 33.Rf1 Kh7 34.e5 Rxe5 35.Re4 Rxe4 36.Nxe4 d2
37.Rd1 Kh6 38.g4 Rd3 39.Ng3 Rb3 40.Nf5+ Kh7 41.Kf2 Rxb2 42.Ke2 Rb3 43.Nd6 Rxa3
44.c5 Rc3 45.Rb1 b5 46.cxb6 Re3+  0-1

[Event "Oberliga Nord O9899"]
[Site "GER"]
[Date "1999.??.??"]
[Round "?"]
[White "Lieb, Harald"]
[Black "Maxion, Dirk"]
[Result "1-0"]
[WhiteElo "2230"]
[BlackElo "2245"]

1.d4 d6 2.c4 g6 3.Nc3 Bg7 4.e4 Nf6 5.Be2 O-O 6.Nf3 e5 7.O-O exd4 8.Nxd4 Re8
9.f3 Nc6 10.Nc2 Nd7 11.Be3 Nc5 12.Qd2 a5 13.Rad1 Be6 14.Bg5 f6 15.Bh4 Qd7
16.Nd5 Qf7 17.Nce3 Nb4 18.b3 Nxd5 19.Nxd5 f5 20.exf5 Bxf5 21.Rfe1 Be6 22.Bf1 Bxd5
23.cxd5 b6 24.Bb5 Re5 25.f4 Rxe1+ 26.Rxe1 Bf6 27.Bxf6 Qxf6 28.Qe3 Rf8 29.g3 Qb2
30.Re2 Qb1+ 31.Kg2 Qf5 32.Qd4 Qf6 33.Qxf6 Rxf6 34.Re3 Kg7 35.a3 Rf7 36.Be8 Rf5
37.Bc6 Rf7 38.Kf3 Kf6 39.b4 axb4 40.axb4 Na6 41.Re6+ Kg7 42.Re4 Kf8 43.Bb5 Rf5
44.Bxa6 Rxd5 45.b5 Rc5 46.g4 h6 47.h4 Kf7 48.Re3 d5 49.Rb3 Ke6 50.Bb7 Kd6
51.Bc6 Rc4 52.Be8 g5 53.hxg5 hxg5 54.fxg5 Re4 55.Re3  1-0

[Event "Hessenliga 9899"]
[Site "GER"]
[Date "1999.??.??"]
[Round "?"]
[White "Petri, Klaus"]
[Black "Hoffmann, Alexander"]
[Result "0-1"]
[WhiteElo "2190"]
[BlackElo "2350"]

1.d4 Nf6 2.Nf3 g6 3.c4 Bg7 4.Nc3 O-O 5.e4 d6 6.Be2 Na6 7.O-O e5 8.d5 Nc5
9.Qc2 a5 10.Bg5 h6 11.Be3 b6 12.Nd2 Bg4 13.f3 Bd7 14.g4 h5 15.h3 Nh7 16.Rf2 f5
17.Rg2 Kh8 18.Kh2 f4 19.Bf2 Bf6 20.Rh1 Bh4 21.Nd1 Rf7 22.b3 Qe7 23.Qc3 Qf6
24.Kg1 Rc8 25.Bxh4 Qxh4 26.Nf2 Ng5 27.Kf1 Rcf8 28.Rhh2 Rh7 29.Rh1 Kg7 30.Rgg1 Rfh8
31.Bd3 Nf7 32.Ke2 Qe7 33.a3 hxg4 34.hxg4 Rxh1 35.Rxh1 Rxh1 36.Nxh1 Qh4 37.Nf2 Qh2
38.Bc2 Ng5 39.Qa1 Nh3 40.Qf1 Ng1+ 41.Kd1 Kf6 42.Nd3 Kg5 43.Nxc5 bxc5 44.Ke1 Qg3+
45.Qf2 Nh3 46.Qxg3 fxg3 47.Kf1 Nf4 48.Bd1 Kh4 49.Kg1 Kh3  0-1

[Event "NRW-Liga I 9899"]
[Site "GER"]
[Date "1999.??.??"]
[Round "6"]
[White "Hintze, Helge"]
[Black "Buenermann, Volker"]
[Result "1-0"]
[WhiteElo "2225"]
[BlackElo "2295"]

1.c4 g6 2.Nc3 Bg7 3.Nf3 d6 4.d4 Nf6 5.e4 O-O 6.Be2 e5 7.d5 Na6 8.Nd2 Bh6
9.h4 Nc5 10.h5 Bxd2+ 11.Qxd2 Ncxe4 12.Nxe4 Nxe4 13.Qe3 Nc5 14.hxg6 fxg6 15.Rxh7 Qf6
16.Rh6 Bd7 17.Bd2 Kg7 18.O-O-O Rh8 19.Rdh1 Raf8 20.g4 Kf7 21.b4 Rxh6 22.Rxh6 Na4
23.Qe4 Rg8 24.Bd3 Rg7 25.Kc2 a5 26.a3 axb4 27.axb4 b6 28.Be3 Rg8 29.Kb3 b5
30.cxb5 Nb6 31.f3 Kf8 32.Rh7 Rg7 33.Bh6  1-0

[Event "GER-ch 11th Seniors"]
[Site "Germany"]
[Date "1999.??.??"]
[Round "?"]
[White "Mertins, Klaus"]
[Black "Patzer, Joachim"]
[Result "1-0"]
[WhiteElo "2210"]
[BlackElo "1780"]

1.d4 Nf6 2.Nf3 g6 3.c4 Bg7 4.Nc3 d6 5.e4 O-O 6.Be2 Nbd7 7.O-O e5 8.d5 Nc5
9.Qc2 a5 10.Ne1 Ne8 11.Be3 f5 12.f3 Na6 13.Nd3 f4 14.Bf2 b6 15.a3 Nc5 16.b4 Nxd3
17.Bxd3 Bd7 18.c5 g5 19.Bb5 Nf6 20.Bxd7 Nxd7 21.Nb5 Nf6 22.cxd6 cxd6 23.Qc6 Nd7
24.Qxd6 Rf6 25.Qc7 Qxc7 26.Nxc7 Rc8 27.Ne6 axb4 28.axb4 Bf8 29.Nxf8 Kxf8
30.Rfc1 Rxc1+ 31.Rxc1 Ke7 32.Rc7 h6 33.Kf1 Kd8 34.Rb7 Kc8 35.Ra7 Rd6 36.Ke2 Kb8
37.Ra1 Kb7 38.h4 Rg6 39.hxg5 hxg5 40.Rh1 Nf6 41.g4 Ka6 42.Rh8 Kb7 43.Rf8 Ka6
44.Rd8 Rh6 45.Rb8 Nd7 46.Rd8 Nf6 47.Rb8 Nd7 48.Rg8 Kb5 49.Rg7 Nf8 50.Rxg5 Kxb4
51.Rxe5 b5 52.Rf5 Nd7 53.e5 Kc4 54.e6  1-0

[Event "DDMM (Women)"]
[Site "Germany"]
[Date "1999.??.??"]
[Round "1.3"]
[White "Germann, Heike"]
[Black "Weng, Annegret"]
[Result "0-1"]
[WhiteElo "2050"]
[BlackElo "2150"]

1.d4 Nf6 2.c4 g6 3.Nc3 Bg7 4.e4 O-O 5.Nf3 d6 6.Be2 e5 7.d5 a5 8.O-O Na6 9.Ne1 Nd7
10.f3 f5 11.Be3 Nf6 12.Nd3 f4 13.Bf2 Rf7 14.a3 g5 15.b4 Bf8 16.c5 Rg7 17.b5 Nxc5
18.Bxc5 dxc5 19.Nxe5 Bd6 20.Nc4 Nd7 21.Qc2 Qf6 22.Rad1 b6 23.a4 Ne5 24.Nb1 Kh8
25.Nba3 Nf7 26.Qb2 Qe7 27.Rfe1 Ne5 28.Qc2 Bd7 29.Nxe5 Bxe5 30.Nc4 Re8 31.Kh1 h5
32.Qd2 Bd4 33.Qc2 Qf6 34.d6 Bc8 35.Bf1 cxd6 36.Nxb6 g4 37.Be2 Be6 38.Nc4 g3
39.Nxd6 Qh4  0-1

[Event "DDMM (Women)"]
[Site "Germany"]
[Date "1999.??.??"]
[Round "3.2"]
[White "Mai, Iris"]
[Black "Gheng, Simona"]
[Result "1-0"]
[WhiteElo "2140"]
[BlackElo "2045"]

1.d4 Nf6 2.c4 g6 3.Nc3 Bg7 4.e4 d6 5.Nf3 O-O 6.Be2 Nbd7 7.O-O e5 8.d5 Nc5
9.Qc2 a5 10.Ne1 Nfd7 11.Be3 f5 12.f3 f4 13.Bf2 Qg5 14.Nb5 Na6 15.Nd3 Nf6
16.Rfc1 Nh5 17.a3 Ng3 18.Bd1 Nh5 19.b4 Bh3 20.Be1 axb4 21.axb4 Bd7 22.Ra5 Qe7
23.Rca1 Bf6 24.Qf2 Rac8 25.Na7 Rce8 26.c5 Nb8 27.Nb5 Bxb5 28.Rxb5 c6 29.cxd6 Qxd6
30.Rxb7 cxd5 31.Bb3 Kh8 32.Bxd5 Rc8 33.Raa7 Ng7 34.b5 Rfd8 35.h3 Qf8 36.Rf7 Qe8
37.Rxf6 Qxb5 38.Nxe5 Rxd5 39.Nf7+ Kg8 40.Nh6+ Kh8 41.exd5  1-0

[Event "DDMM (Women)"]
[Site "Germany"]
[Date "1999.??.??"]
[Round "4.3"]
[White "Schmitz, Manuela"]
[Black "Germann, Heike"]
[Result "1-0"]
[WhiteElo "2040"]
[BlackElo "2050"]

1.d4 Nf6 2.c4 g6 3.Nc3 Bg7 4.e4 d6 5.Nf3 O-O 6.Be2 e5 7.Be3 Nc6 8.d5 Ne7
9.Nd2 Nd7 10.b4 f5 11.f3 f4 12.Bf2 Rf7 13.c5 Bf8 14.Nc4 dxc5 15.bxc5 g5 16.Qb3 Ng6
17.d6 c6 18.Nb2 Kg7 19.Rd1 b6 20.Nd3 Rf6 21.h4 h6 22.hxg5 hxg5 23.Rh5 bxc5
24.Nxc5 Nxc5 25.Bxc5 Bxd6 26.Bc4 Qe7 27.Bg8 Bxc5 28.Rh7+ Kf8 29.Rxe7 Kxe7
30.Qc4 Bd4 31.Qb4+ Ke8 32.Ne2 c5 33.Qb5+ Kf8 34.Nxd4 exd4 35.Bd5  1-0

[Event "SWZ-ch"]
[Site "Graechen"]
[Date "1999.??.??"]
[Round "?"]
[White "Mira, Helene"]
[Black "Schmid, Shahanah"]
[Result "0-1"]
[WhiteElo "2177"]
[BlackElo "2101"]

1.d4 Nf6 2.c4 g6 3.Nc3 Bg7 4.e4 d6 5.Be2 O-O 6.Nf3 e5 7.d5 a5 8.Bg5 Na6 9.Nd2 c6
10.Rb1 Nc5 11.Be3 Nfd7 12.O-O f5 13.f3 Rf7 14.b3 Qf8 15.a3 Bh6 16.Bf2 Nf6
17.b4 axb4 18.axb4 fxe4 19.bxc5 e3 20.Nde4 exf2+ 21.Kh1 dxc5 22.Nxf6+ Rxf6
23.Ne4 Rf7 24.Ra1 Rxa1 25.Qxa1 Bf4 26.g3 Be3 27.Kg2 Bd4 28.Qa3 Qh6 29.h4 Qe3
30.Qxe3 Bxe3 31.Ra1 cxd5 32.cxd5 Bf5 33.Bc4 Bxe4 34.fxe4 Kg7 35.Rb1 Rd7 36.Bb5 Rd6
37.Ba4 b6 38.Bc6 c4 39.Ra1 Rf6 40.Kf1 g5 41.hxg5 Bxg5 42.Ra7+ Kh6 43.Bb5 c3
44.Rc7 Bd2 45.d6 Rxd6 46.Kxf2 Rd4 47.Kf3 Rb4 48.Be8 b5 49.Bd7 Rb2 50.Kg4 Kg6
51.Bf5+ Kf6 52.Rc6+ Ke7 53.Re6+ Kd8 54.Rxe5 c2 55.Rd5+ Kc7 56.Rxd2 c1=Q 57.Rd7+ Kc6
58.Rxh7 Qd1+ 59.Kg5 Qd8+ 60.Kg4 Qg8+ 61.Kh3 Rf2 62.Rh6+ Kc5 63.Rg6 Qh8+ 64.Kg4 Qc3
65.Rg8 Qf3+  0-1